00701nam a2200229Ia 4500003000400000005001700004008004100021020001400062040000700076041000800083082002100091100004400112245003600156250000600192260003800198300001600236365001300252906003700265942001200302999001900314952013800333OSt20230324143657.0210423s2005 xx 000 0 und d a195672526 cAL aeng a541.3223b ATKP aATKINS (Peter);De PAULA (Julio).977500 aElements of physical chemistry. a4 aNew DelhibW H Freeman & Coc2005 axix,627bPB b295cINR achemistry. ; Elements ; physical 2ddccBK c153938d153938 001040708ACaSACPGbSACPGd2008-07-12eHigginbothams Pvt Ltdg295.00l0o541.3 ATKPpPG000405r2022-08-24 00:00:00w2021-04-26yBK